Extensión o comunicación?: la concientización en el medio rural
Guardat en:
| Autor principal: | |
|---|---|
| Format: | Llibre |
| Idioma: | espanyol |
| Publicat: |
Ciudad de México
Siglo XXI
1973
|
| Col·lecció: | Educación
|
| Matèries: | |
| Etiquetes: |
Afegir etiqueta
Sense etiquetes, Sigues el primer a etiquetar aquest registre!
|
MARC
| LEADER | 00000nam a2200000 a 4500 | ||
|---|---|---|---|
| 001 | UCK0257 | ||
| 003 | CL-VaPUC | ||
| 008 | 040924e19730000MX |||||||||||||||||spa|d | ||
| 020 | |a 9682316952 | ||
| 082 | 0 | 4 | |a 303.4 |b FRE |2 21 |
| 100 | |a Freire, Paulo |e autor |9 352356 | ||
| 245 | 1 | 0 | |a Extensión o comunicación?: la concientización en el medio rural |
| 300 | |a 108 p | ||
| 942 | |c BK | ||
| 945 | |d 20040924 00:00:00 |a cmena | ||
| 260 | |a Ciudad de México |b Siglo XXI |c 1973 | ||
| 650 | 0 | |a Cambio social |9 256857 | |
| 650 | 0 | |a REFORMA AGRARIA |9 256789 | |
| 650 | 0 | |a Sociología de la educación |9 260380 | |
| 650 | 0 | |a Agricultura |9 255598 | |
| 583 | |a last modification |c 20130306 10:09:11 |k Rodrigo Vera | ||
| 490 | 0 | |a Educación | |
| 999 | |c 310745 |d 310743 | ||
| 952 | |0 0 |1 0 |4 0 |6 303_400000000000000_FRE_1973 |7 0 |8 A |9 379694 |a BIBMAT |b BIBMAT |c E_DIDACT |d 2019-11-21 |i 4227190 |o 303.4 FRE 1973 |p 4227190 |r 2025-01-07 |w 2019-11-21 |y BK |k MAT | ||
| 952 | |0 0 |1 0 |4 0 |6 303_400000000000000_FRE_1973 |7 0 |8 A |9 379695 |a BIBMAT |b BIBMAT |c E_DIDACT |d 2019-11-21 |i 4227204 |o 303.4 FRE 1973 |p 4227204 |r 2025-01-07 |w 2019-11-21 |y BK |k MAT | ||
| 952 | |0 0 |1 0 |4 0 |6 303_400000000000000_FRE_1973 |7 0 |8 A |9 379696 |a BIBMAT |b BIBMAT |c E_DIDACT |d 2019-11-21 |i 4227212 |o 303.4 FRE 1973 |p 4227212 |r 2025-01-07 |w 2019-11-21 |y BK |k MAT | ||
| 952 | |0 0 |1 0 |4 0 |6 303_400000000000000_FRE_1973 |7 0 |8 A |9 379697 |a BIBMAT |b BIBMAT |c E_DIDACT |d 2019-11-21 |i 4227220 |o 303.4 FRE 1973 |p 4227220 |r 2025-01-07 |w 2019-11-21 |y BK |k MAT | ||
| 952 | |0 0 |1 0 |4 0 |6 303_400000000000000_FRE_1973 |7 0 |8 A |9 379698 |a BIBMAT |b BIBMAT |c E_DIDACT |d 2019-11-21 |i 4227239 |o 303.4 FRE 1973 |p 4227239 |r 2025-01-07 |w 2019-11-21 |y BK |k MAT | ||
| 952 | |0 0 |1 0 |4 0 |6 303_400000000000000_FRE_1973 |7 0 |8 A |9 379699 |a BIBMAT |b BIBMAT |c E_DIDACT |d 2019-11-21 |i 420641K |o 303.4 FRE 1973 |p 420641K |r 2025-01-07 |w 2019-11-21 |y BK |k MAT | ||